000 00490nam a2200169Ia 4500
003 GCL
008 140319s9999 xx 000 0 ara d
040 _aGCL /
_cGCL
082 0 4 _aط
_b813.087
_bم ع
100 1 _aمحمد ابراهيم سليم
245 1 0 _aعندما يمرح الاصدقاء /
_cمحمد ابراهيم سليم
300 _a89 ص
490 _aالسلسلة البيضاء
_v0
650 0 4 _aالاطفال
650 0 4 _aقصص الاطفال
942 _2ddc
_cBK
999 _c44937
_d44937